000 00294nam a2200109Ia 4500
008 200302s9999 xx 000 0 und d
100 _aEdward K. Carpenter
245 _aPrint Casebooks 2nd ed. The Best in Exhibition Desing
260 _bR C Publications Inc.
260 _c1977
300 _a95 P.,
999 _c2232
_d2232